[Event "LSS ZL-2022-0-02366"]
[Site "LSS email"]
[Date "2022.07.21"]
[Round "?"]
[White "Javier, Christian"]
[Black "Lopez Martin, Hector Eduardo"]
[Result "1-0"]
[WhiteElo "1500"]
[BlackElo "1428"]
[PlyCount "71"]
[EventDate "2022.03.28"]
[EventType "match (corr)"]
[EventRounds "2"]
[EventCountry "GER"]
[SourceTitle "Corr 2024"]
[Source "ChessBase"]
[SourceDate "2023.10.19"]
[SourceVersion "1"]
[SourceVersionDate "2023.10.19"]
[SourceQuality "1"]

1. d4 Nf6 2. Nf3 e6 3. c4 d5 4. Nc3 Be7 5. Bf4 0-0 6. e3 Nbd7 7. c5 Nh5 8. Bd3 Nxf4 9. exf4 b6 10. b4 a5 11. a3 c6 12. 0-0 Ba6 13. Bxa6 Rxa6 14. Qe2 Ra8 15. g3 Bf6 16. Na4 Qc7 17. Nb2 Qa7 18. Kg2 g6 19. Nd3 axb4 20. axb4 Qxa1 21. Rxa1 Rxa1 22. b5 cxb5 23. c6 Nb8 24. Qc2 Rc8 25. c7 Na6 26. Qc6 Ra3 27. Nfe5 Rxc7 28. Qxb5 Kg7 29. g4 Bxe5 30. Nxe5 Ra2 31. h3 h6 32. Kg3 Ra3+ 33. Kh2 Nb8 34. Qe8 Rb7 35. h4 b5 36. h5 1-0

[Event "SD-2022-0-00323"]
[Site "LSS email"]
[Date "2022.01.05"]
[Round "?"]
[White "Lopez Martin, Hector Eduardo"]
[Black "Michailov, Valerij"]
[Result "0-1"]
[WhiteElo "1455"]
[BlackElo "1474"]
[PlyCount "34"]
[EventDate "2021.05.21"]
[EventType "tourn (corr)"]
[EventRounds "6"]
[EventCountry "GER"]
[SourceTitle "Corr 2024"]
[Source "ChessBase"]
[SourceDate "2023.10.19"]
[SourceVersion "1"]
[SourceVersionDate "2023.10.19"]
[SourceQuality "1"]

1. d4 Nf6 2. c4 e6 3. Nc3 Bb4 4. Qc2 0-0 5. a3 Bxc3+ 6. Qxc3 d5 7. Bf4 c5 8. dxc5 Nbd7 9. cxd5 Nxd5 10. Qg3 Nxc5 11. Rc1 Ne4 12. Qd3 e5 13. Qxe4 exf4 14. Qd4 Be6 15. e4 fxe3 16. fxe3 Rc8 17. Be2 Rxc1+ 0-1

[Event "LSS BI-2009-P-00016"]
[Site "LSS email"]
[Date "2009.04.19"]
[Round "?"]
[White "Bearce, Harold L"]
[Black "Lopez Martin, Hector Eduardo"]
[Result "0-1"]
[WhiteElo "1278"]
[BlackElo "1635"]
[PlyCount "22"]
[EventDate "2009.04.20"]
[EventType "tourn (corr)"]
[EventRounds "10"]
[EventCountry "GER"]
[SourceTitle "Corr 2013"]
[Source "ChessBase"]
[SourceDate "2012.11.12"]
[SourceVersion "1"]
[SourceVersionDate "2012.11.12"]
[SourceQuality "1"]
[WhiteTeam "US of America"]
[BlackTeam "US of America"]
[WhiteTeamCountry "USA"]
[BlackTeamCountry "USA"]

1. d4 Nf6 2. c4 e6 3. a3 d5 4. c5 Be7 5. h3 0-0 6. Nf3 Nc6 7. Nc3 a5 8. e3 Nd7 9. Bd3 h6 10. 0-0 f5 11. Nh4 Bxh4 0-1

[Event "LSS BI-2009-P-00016"]
[Site "LSS email"]
[Date "2009.04.19"]
[Round "?"]
[White "Lopez Martin, Hector Eduardo"]
[Black "Andersen, Lars Kirstein"]
[Result "0-1"]
[WhiteElo "1635"]
[BlackElo "2066"]
[PlyCount "26"]
[EventDate "2009.04.20"]
[EventType "tourn (corr)"]
[EventRounds "10"]
[EventCountry "GER"]
[SourceTitle "Corr 2013"]
[Source "ChessBase"]
[SourceDate "2012.11.12"]
[SourceVersion "1"]
[SourceVersionDate "2012.11.12"]
[SourceQuality "1"]
[WhiteTeam "US of America"]
[BlackTeam "US of America"]
[WhiteTeamCountry "USA"]
[BlackTeamCountry "USA"]

1. d4 d5 2. c4 c6 3. cxd5 cxd5 4. Nc3 Nf6 5. Nf3 Nc6 6. Bg5 Ne4 7. Nxe4 dxe4 8. d5 Qa5+ 9. Qd2 Nb4 10. a3 Nc2+ 11. Kd1 Qxd2+ 12. Kxd2 Nxa1 13. Bf6 Nb3+ 0-1

[Event "LSS BI-2009-P-00016"]
[Site "LSS email"]
[Date "2009.04.19"]
[Round "?"]
[White "Lopez Martin, Hector Eduardo"]
[Black "Louro, Eugenio Diogo"]
[Result "0-1"]
[WhiteElo "1601"]
[BlackElo "1776"]
[PlyCount "38"]
[EventDate "2009.04.20"]
[EventType "tourn (corr)"]
[EventRounds "10"]
[EventCountry "GER"]
[SourceTitle "Corr 2011"]
[Source "ChessBase"]
[SourceDate "2010.08.31"]
[SourceVersion "1"]
[SourceVersionDate "2010.08.31"]
[SourceQuality "1"]

1. b3 d5 2. Bb2 c5 3. e3 Nf6 4. Nf3 Nc6 5. Bb5 Bd7 6. Nc3 a6 7. Bxc6 Bxc6 8. 0-0 Qc7 9. d4 e6 10. dxc5 Bxc5 11. Nxd5 Bxd5 12. Bxf6 gxf6 13. c4 Be4 14. a3 Rg8 15. b4 Rd8 16. Qa4+ Bc6 17. b5 Bxf3 18. bxa6+ Bc6 19. Qb3 Rxg2+ 0-1

[Event "LSS BI-2009-P-00016"]
[Site "LSS email"]
[Date "2009.04.19"]
[Round "?"]
[White "Lopez Martin, Hector Eduardo"]
[Black "Oltean, Dorel"]
[Result "0-1"]
[WhiteElo "1574"]
[BlackElo "2308"]
[PlyCount "54"]
[EventDate "2009.04.20"]
[EventType "tourn (corr)"]
[EventRounds "10"]
[EventCountry "GER"]
[SourceTitle "Corr 2011"]
[Source "ChessBase"]
[SourceDate "2010.08.31"]
[SourceVersion "1"]
[SourceVersionDate "2010.08.31"]
[SourceQuality "1"]

1. e4 c5 2. Nf3 d6 3. d4 cxd4 4. Nxd4 Nf6 5. Nc3 a6 6. f4 e5 7. fxe5 dxe5 8. Nf3 Qxd1+ 9. Kxd1 Bd6 10. Bg5 Be6 11. Bxf6 gxf6 12. Bd3 Nd7 13. a3 0-0-0 14. b4 Kb8 15. Ke2 Nb6 16. h3 Rd7 17. g4 Rc8 18. Nd1 Na4 19. g5 f5 20. exf5 Bd5 21. c4 Bxc4 22. Bxc4 Rxc4 23. Ne3 Nc3+ 24. Kf2 Rf4 25. Kg2 e4 26. Nh2 Be5 27. Rac1 Rd2+ 0-1

[Event "LSS BI-2009-P-00016"]
[Site "LSS email"]
[Date "2009.04.19"]
[Round "?"]
[White "Lopez Martin, Hector Eduardo"]
[Black "Walker, Jeffrey"]
[Result "0-1"]
[WhiteElo "1635"]
[BlackElo "1955"]
[PlyCount "24"]
[EventDate "2009.04.20"]
[EventType "tourn (corr)"]
[EventRounds "10"]
[EventCountry "GER"]
[SourceTitle "Corr 2013"]
[Source "ChessBase"]
[SourceDate "2012.11.12"]
[SourceVersion "1"]
[SourceVersionDate "2012.11.12"]
[SourceQuality "1"]
[WhiteTeam "US of America"]
[BlackTeam "US of America"]
[WhiteTeamCountry "USA"]
[BlackTeamCountry "USA"]

1. e4 e6 2. d4 d5 3. Nc3 Nf6 4. Bg5 Be7 5. e5 Nfd7 6. Bxe7 Qxe7 7. f4 a6 8. Nf3 c5 9. Be2 Nc6 10. a3 cxd4 11. Nxd4 Ndxe5 12. fxe5 Qh4+ 0-1

[Event "LSS BI-2009-P-00016"]
[Site "LSS email"]
[Date "2009.04.19"]
[Round "?"]
[White "Trevis, Robert R"]
[Black "Lopez Martin, Hector Eduardo"]
[Result "1-0"]
[WhiteElo "650"]
[BlackElo "1565"]
[PlyCount "29"]
[EventDate "2009.04.20"]
[EventType "tourn (corr)"]
[EventRounds "10"]
[EventCountry "GER"]
[SourceTitle "Corr 2015"]
[Source "ChessBase"]
[SourceDate "2015.07.17"]
[SourceVersion "1"]
[SourceVersionDate "2015.07.17"]
[SourceQuality "1"]

1. e4 c5 2. c4 e5 3. Nc3 d6 4. Nf3 Bg4 5. Qb3 b6 6. Be2 Nf6 7. 0-0 Nc6 8. d3 Be7 9. h3 Bh5 10. Qa4 Qc8 11. g4 Bg6 12. g5 Nd7 13. Nd5 0-0 14. Qxc6 Qxc6 15. Nxe7+ 1-0

[Event "LSS BI-2009-P-00016"]
[Site "LSS email"]
[Date "2009.04.19"]
[Round "?"]
[White "Yarmolyuk, Yury"]
[Black "Lopez Martin, Hector Eduardo"]
[Result "1-0"]
[WhiteElo "1981"]
[BlackElo "1635"]
[PlyCount "45"]
[EventDate "2009.04.20"]
[EventType "tourn (corr)"]
[EventRounds "10"]
[EventCountry "GER"]
[SourceTitle "Corr 2011"]
[Source "ChessBase"]
[SourceDate "2010.08.31"]
[SourceVersion "1"]
[SourceVersionDate "2010.08.31"]
[SourceQuality "1"]

1. b4 e5 2. Bb2 Bxb4 3. Bxe5 Nf6 4. c4 0-0 5. Nf3 d6 6. Bb2 Bg4 7. e3 Nc6 8. a3 Ba5 9. Be2 a6 10. 0-0 Re8 11. d3 h6 12. Nbd2 Bxd2 13. Qxd2 Re7 14. Bxf6 gxf6 15. Qb2 f5 16. Qxb7 Na5 17. Qb2 Rb8 18. Qc3 f4 19. Qxa5 Kg7 20. Qc3+ f6 21. Qd4 Bxf3 22. Bxf3 fxe3 23. fxe3 1-0